Neuerworbene römische Metallgefässe aus Stráže bei Piešťany /

Hlavní autor: Svoboda, Bedřich, 1910-1975
Jazyk: Němčina
Vydáno: Bratislava : Vydavateľstvo Slovenskej akadémie vied, 1972
Vydání: 1. vyd.
Edice: Archaeologica slovaca fontes
Fyzický popis: 129 s.
Knihy
Uloženo v:
LEADER 00856nam a2200253 a 4500
001 000624839
003 CZ BrMZK
005 20040604102415.0
007 ta
008 020924s1972 xo f ger d
040 |a BOA001  |b cze  |c BOA001 
041 0 |a ger  |b cze 
100 1 |a Svoboda, Bedřich,  |d 1910-1975  |7 jk01121930  |4 aut 
245 1 0 |a Neuerworbene römische Metallgefässe aus Stráže bei Piešťany /  |c Bedřich Svoboda 
250 |a 1. vyd. 
260 |a Bratislava :  |b Vydavateľstvo Slovenskej akadémie vied,  |c 1972 
300 |a 129 s. 
490 1 |a Archaeologica slovaca fontes ;  |v tomus 11 
500 |a České resumé 
504 |a Bibliografie na s. 117-120 
830 0 |a Archaeologica slovaca fontes 
910 |a BOA001  |b 4-0687.013 
990 |a BK 
996 7 |b 2619224141  |c 4-0687.013  |l MZK  |r Sklad / do 1 hodiny  |n 1  |w 000624839  |u 000010  |a 1  |e BOA001  |j MZK50  |s A